01579nam a2200337 a 4500001001200000003000800012006001900020007001500039008004100054010001700095020001500112040002100127035002000148050002700168245030300195260005500498300003000553490004600583504004100629533015200670650004900822650004300871651003700914655002900951700002000980700002201000700002901022710001701051830004701068856012601115ebr10068312CaPaEBRm u cr cn|||||||||931119s1993 dcuab sb 000 0 eng d z 93085568  z0309049423 aCaPaEBRcCaPaEBR a(OCoLC)5701611314aHB3661.A3bD435 1993eb00aDemographic change in Sub-Saharan Africah[electronic resource] /cKaren A. Foote, Kenneth H. Hill, and Linda G. Martin, editors ; Panel on the Population Dynamics of Sub-Saharan Africa, Committee on Population, Commission on Behavioral and Social Sciences and Education, National Research Council. aWashington, D.C. :bNational Academy Press,c1993. axv, 379 p. :bill., maps.1 aPopulation dynamics of Sub-Saharan Africa aIncludes bibliographical references. aElectronic reproduction.bPalo Alto, Calif. :cebrary,d2013.nAvailable via World Wide Web.nAccess may be limited to ebrary affiliated libraries. 0aDemographic transitionzAfrica, Sub-Saharan. 0aFertility, HumanzAfrica, Sub-Saharan. 0aAfrica, Sub-SaharanxPopulation. 7aElectronic books.2local1 aFoote, Karen A.1 aHill, Ken,d1945-1 aMartin, Linda G.,d1947-2 aebrary, Inc. 0aPopulation dynamics of Sub-Saharan Africa.40uhttp://site.ebrary.com/lib/rucke/Doc?id=10068312zAn electronic book accessible through the World Wide Web; click to view